Physics symbols - Statistics

General Stats
  • This quiz has been taken 85 times
  • The average score is 10 of 24
Answer Stats
Hint Answer % Correct
m Mass
93%
v Velocity
87%
F Force
78%
t Time
75%
h Height
69%
a Acceleration
66%
ρ Density
63%
P Power
59%
λ Wavelength
59%
v Volume
53%
I Current
49%
f Frequency
46%
R Resistance
40%
W Weight
38%
p Momentum
34%
s Distance
22%
W Work Done
22%
k Spring Constant
21%
V Potential Difference
16%
g Gravitational Field Strength
9%
v Wavespeed
7%
e Extension
4%
Q Charge Flow
3%
E Energy Transferred
1%
No matching quizzes found
Score Distribution
Percent of People with Each Score
Percentile by Number Answered
Your Score History
You have not taken this quiz